000 005560000a22001930004500
020 _a84-7509-099-0
041 0 _aSPA
082 0 4 _aG 300 P8312s
100 1 _aPopper, Karl R.
245 1 0 _aLa sociedad abierta y sus enemigos / Karl R. Popper; Eduardo Loedel, Traductor
260 _aBarcelona, España : Paidós
300 _a667 Pag
500 _aTitulo original : The open society and its enemies
001 9216
942 _cBK
999 _c39280
_d39280
336 _atexto
_btxt
_2rdacontent
337 _2rdamedia
_asin mediación
_bn
338 _2rdacarrier
_avolumen
_bnc